000
00279nam a22000977a 4500
005
20250901165549.0
008
211012b |||||||| |||| 00| 0 eng d
050
_a
HF5415. K8 2008
245
_a
Principles of marketing
_c
KOTLER, PHILIP
942
_2
lcc
_h
HF5415. K8 2008
999
_c
5920
_d
5920